| 000 | 00967nam0a2200277 4500 | ||
|---|---|---|---|
| 001 | RU\NLR\bibl\961899 | ||
| 005 | 20260406045911.0 | ||
| 010 |
_a5-352-00858-4 _97000 |
||
| 021 |
_aRU _b2006-31517 _91574 |
||
| 035 | _a(NLR Aleph) 000949926 | ||
| 090 |
_a273232 _c273232 |
||
| 100 | _a20060626d2006 |||y0rusy50 ca | ||
| 101 | 1 |
_arus _cfre |
|
| 102 | _aRU | ||
| 105 | _ay ||||||||| | ||
| 200 | 1 |
_aРоман о Тристане и Изольде _fв переложении Ж. Бедье _g[пер. с фр. А. Веселовского] |
|
| 210 |
_aСанкт-Петербург _cАзбука-классика _d2006 |
||
| 215 |
_a185,[2] с. _d18 |
||
| 225 | 1 | _aАзбука-классика | |
| 686 | _aШ5(4Фр)42-330.15 | ||
| 700 | 1 |
_4070 _8rus _7ca _aБедье _bЖ. _f1864-1938 _gЖозеф _3RU\NLR\auth\775499 _9115463 |
|
| 801 | 0 |
_aRU _bNLR _c20060626 _grcr |
|
| 801 | 1 |
_aRU _bNLR _c20060626 |
|
| 942 | _cBOOK | ||
| 980 | _aNB | ||